Verdad y método

Bewaard in:
Bibliografische gegevens
Hoofdauteur: Gadamer, Hans-Georg (Auteur)
Formaat: Boek
Taal:Spaans
Gepubliceerd in: Salamanca Ediciones Sígueme S. A. U 2017
Editie:14a. ed
Reeks:Hermeneia, 7-34
Onderwerpen:
Tags: Voeg label toe
Geen labels, Wees de eerste die dit record labelt!

MARC

LEADER 00000cam a2200000 a 4500
001 UCC4229
003 CL-VaPUC
008 180720e20170000sp |||||||||||||||||spa|d
020 |a 9788430112708o.c 
020 |a 9788430104635v.1 
020 |a 9788430111808v.2 
082 0 4 |a 121.68  |b GAD  |2 21 
100 0 |a Gadamer, Hans-Georg  |e author  |9 373562 
245 1 0 |a Verdad y método 
250 |a 14a. ed 
300 |a v 
942 |c BK 
945 |d 20180720 14:27:00  |a dcastane 
260 |a Salamanca  |b Ediciones Sígueme S. A. U  |c 2017 
650 0 |a Hermenéutica  |9 269473 
650 0 |a Estética   |9 264950 
650 0 |a Filosofía del arte  |9 264951 
650 0 |a Ontología   |9 256850 
583 |a last modification  |c 20180720 14:27:00  |k Rodrigo Vera 
490 0 |a Hermeneia, 7-34 
999 |c 371782  |d 371780 
952 |0 0  |1 0  |3 erd  |4 0  |6 121_680000000000000_GAD_2017  |7 0  |8 A  |9 488975  |a BIBEDU  |b BIBEDU  |h v.1  |i 5482437  |l 6  |m 2  |o 121.68 GAD 2017  |p 5482437  |r 2024-08-05  |s 2024-07-01  |w 2019-11-24  |y BK  |z Catalogado en:20180720  |k FIL 
952 |0 0  |1 0  |3 erd  |4 0  |6 121_680000000000000_GAD_2017  |7 0  |8 A  |9 488976  |a BIBEDU  |b BIBEDU  |h v.1  |i 5482445  |l 4  |m 2  |o 121.68 GAD 2017  |p 5482445  |r 2024-06-03  |s 2024-05-20  |w 2019-11-24  |y BK  |z Catalogado en:20180720  |k FIL 
952 |0 0  |1 0  |3 erd  |4 0  |6 121_680000000000000_GAD_2017  |7 0  |8 A  |9 488977  |a BIBEDU  |b BIBEDU  |h v.2  |i 5482453  |l 4  |m 1  |o 121.68 GAD 2017  |p 5482453  |r 2023-11-24  |s 2023-11-17  |w 2019-11-24  |y BK  |z Catalogado en:20180720  |k FIL 
952 |0 0  |1 0  |3 erd  |4 0  |6 121_680000000000000_GAD_2017  |7 0  |8 A  |9 488978  |a BIBEDU  |b BIBEDU  |h v.2  |i 5482461  |l 10  |m 1  |o 121.68 GAD 2017  |p 5482461  |r 2024-07-30  |s 2024-07-24  |w 2019-11-24  |y BK  |z Catalogado en:20180720  |k FIL